L'épitre de Paul aux romains

محفوظ في:
التفاصيل البيبلوغرافية
المؤلف الرئيسي: Légasse, Simon (autor)
التنسيق: كتاب
اللغة:الفرنسية
منشور في: París Cerf 2002
سلاسل:Lectio Divina, Commentaires, 10
الموضوعات:
الوسوم: إضافة وسم
لا توجد وسوم, كن أول من يضع وسما على هذه التسجيلة!

MARC

LEADER 00000nam a2200000 a 4500
001 UCK0942
003 CL-VaPUC
008 041029e20020000FR |||||||||||||||||fre|d
020 |a 2204068969 
082 0 4 |a 227.1  |b LEG  |2 21 
100 |a Légasse, Simon  |e autor  |9 600731 
245 1 2 |a L'épitre de Paul aux romains 
300 |a 992 p 
942 |c BK 
945 |d 20041029 00:00:00  |a cmena 
260 |a París  |b Cerf  |c 2002 
600 0 7 |a BIBLIA  |2 CL-VaPUC  |9 399806 
650 0 |a Epístolas  |9 321181 
650 0 |a Textos sagrados   |9 257605 
583 |a last modification  |c 20041029 00:00:00  |k Rodrigo Vera 
490 0 |a Lectio Divina, Commentaires, 10 
999 |c 311089  |d 311087 
952 |0 0  |1 0  |4 0  |6 227_100000000000000_LEG_2002  |7 0  |8 A  |9 380301  |a BIBTEO  |b BIBTEO  |d 2019-11-21  |i 4069021  |o 227.1 LEG 2002  |p 4069021  |r 2025-01-17  |w 2019-11-21  |y BK  |k ICR